Einstein Aujourd'hui

Αποθηκεύτηκε σε:
Λεπτομέρειες βιβλιογραφικής εγγραφής
Μορφή: Βιβλίο
Γλώσσα:Vietnamese
Έκδοση: EDP sciences 2005
Ετικέτες: Προσθήκη ετικέτας
Δεν υπάρχουν, Καταχωρήστε ετικέτα πρώτοι!
Thư viện lưu trữ: Mạng thư viện Đại học Đà Nẵng
LEADER 00582nam a2200241 4500
001 000021544
003 17992
005 20150422090413.0
008 150422s2005 viesd
020 |c 00 
041 0 |a vie 
082 1 4 |a 530,09  |b Ei-A 
245 1 0 |a Einstein Aujourd'hui  |c by Alain Aspect, ..[et al.] 
260 |b EDP sciences  |c 2005 
300 |a tr.  |c cm. 
OWN |a LSP 
999 |a From the UDN01 
TYP |a Monograph 
TYP |a Printed language 
980 |a Mạng thư viện Đại học Đà Nẵng